Un footballeur pour chaque pays - Lettre C - Statistiques

Statistiques générales
  • Ce quiz a été pris 89 fois
  • Le résultat moyen est 9 sur 16
Statistiques - réponses
Pays Réponses % Correct
Croatie Modric, Rakitic, Subasic, Perisic, Suker, Brozovic, Kovacic, Rebic, Gvardiol, Mandzukic
95%
Corée du Sud Son, Kim, Park, Lee, Hong, Cho, Dong, Hwang, Jeong, Koo
95%
Colombie Falcao, Rodriguez, Sanchez, Cuadrado, Diaz, Zapata, Mina, Muriel, Cordoba, Valderrama
94%
Côte d'Ivoire Drogba, Toure, Zaha, Kessie, Pépé, Fofana, Bailly, Haller, Aurier, Gervinho
92%
Canada Davies, David, Hutchinson, Buchanan, Eustaquio, Miller, Larin, Borjan, Hoilett, Cavallini
91%
Cameroun Eto'o, Toko Ekambi, Aboubakar, Zambo Anguissa, Onana, Matip, Choupo-Moting, Nkoulou, Chedjou, Song
87%
Chili Sanchez, Vidal, Bravo, Aranguiz, Medel, Vargas, Pizarro, Fernandez, Orellana, Isla
87%
Costa Rica Navas, Campbell, Ruiz, Waston, Borges, Bennette, Gonzalez, Guzman, Duarte, Alvarado
84%
Cuba Alonso, Hernandez, Munder, Sanchez, Corrales, Chang, Galindo, Alvarez, Sebrango, Castro
57%
Cap-Vert Djaniny, Ze Luis, Rodrigues, Da Costa, Tavares, Cabral, Bebe, Varela, Monteiro, Costa
27%
Comores Selemani, M'Changama, Bachirou, Ahamada, Ben, Nabouhane, Abdullah, Bakar, Abdallah, Maolida
22%
Chine Lei, Elkeson, Goulart, Dianzuo, Carvalho, Nanduo, Guofu, Junling, Junmin, Cheng
21%
Corée du Nord Chong Te Se, An Byong Jun, Han Kwang Song, Yong Gi, Ryong, Byong, Jong, Mvibudulu, Il-Gwan, Kuk-Chol
10%
Chypre Laifis, Sielis, Dossa, Christofi, Efrem, Kastanos, Sotiriou, Ioannou, Andreou, Demetriou
10%
Curaçao Room, Bacuna, Kuwas, Bonevacia, Locadia, Lachman, Martina, Benschop, Martinus, Antonia
8%
Cambodge Bin, Suhana, Vichet, Visal, Sochetra, Sokumpheak, Bunheing, Chanthea, Sovann, Krya
3%
Aucun quiz correspondant
Distribution des résultats
% des personnes avec chaque résultat
Percentile par nombre de réponses
Votre historique - résultats
Vous n’avez pas pris ce quiz